Selections from the Encyclopaedia of the social sciences /

Bibliographic Details
Uniform Title:Encyclopaedia of the social sciences.
Corporate Author: Columbia University. Teachers College
Other Authors: Seligman, Edwin R. A. (Edwin Robert Anderson), 1861-1939, Johnson, Alvin Saunders, 1874-1971
Format: Book
Language:English
Published: New York : Macmillan, 1937.
Subjects:

MARC

Tag First Indicator Second Indicator Subfields
LEADER 00000cam a2200000 4500
001 in00000063465
005 20151007083111.0
008 721031s1937 nyu 00010 eng d
010 |a  38001714  
035 |a (OCoLC)00480533 
035 |9 AAF8857AM 
040 |c DAY  |d m.c.  |d TXA  |d UtOrBLW 
049 |a TXAM  |v 1 [124642] 
050 0 |a H41  |b .E63 1937 
130 0 |a Encyclopaedia of the social sciences. 
245 1 0 |a Selections from the Encyclopaedia of the social sciences /  |c editor-in-chief, Edwin R.A. Seligman, associate editor, Alvin Johnson. 
264 1 |a New York :  |b Macmillan,  |c 1937. 
300 |a 1 volume (various pagings) ;  |c 28 cm. 
336 |a text  |b txt  |2 rdacontent 
337 |a unmediated  |b n  |2 rdamedia 
338 |a volume  |b nc  |2 rdacarrier 
500 |a "The page numbers are from the original volumes and therefore are not consecutive." 
500 |a Selected by members of the Educational foundations staff of Teachers College, Columbia University. cf. introduction, v.[1]. 
650 0 |a Social sciences  |v Dictionaries. 
700 1 |a Seligman, Edwin R. A.  |q (Edwin Robert Anderson),  |d 1861-1939. 
700 1 |a Johnson, Alvin Saunders,  |d 1874-1971. 
710 2 |a Columbia University.  |b Teachers College. 
999 |a MARS 
999 f f |s 7df5d187-4b14-3201-b8db-fea61b46e28e  |i 013ca38e-fccb-3c02-a23d-6d8b205be55b  |t 0 
952 f f |p ric  |a Texas A&M University  |b Rellis Campus  |c Joint Library Facility  |d Remote Storage  |t 0  |e H41 .E63 1937  |h Library of Congress classification  |i unmediated -- volume  |m A14807366153 
998 f f |a H41 .E63 1937  |t 0  |l Remote Storage